00972nam a2200265 a 450000500170000000800410001702000180005804000250007604100080010108200190010910000320012824501140016026001650027430000460043965000170048565000220050265000270052465000300055165000140058165000110059565000120060670000330061870000290065170000260068020160209020003.0160114t2008 ck a gr|||| 00| 0 spa d a9789584436719 aCO-BoIAVHcCO-BoIAVH aspa 4a333.9522bM82p1 aMorales Jimenez, Alba Lucia1 aPrograma nacional para la conservación de la especie endémica de Colombia tití gris (Saguinus leucopus) aBogotábCORPOCALDASbMinisterio de Ambiente Vivienda y Desarrollo TerritorialbFundación Biodiversa ColombiabAsociación Colombina de Primatologíac2008 a53 paginas.:bilustraciones;c28 x 21 cm. 4aTití Gris  4aSaguinus Leucopus 4aPoblaciones silvestres 4apoblaciones en cautiverio 4aAntioquia 4aCaldas 4aTolima 1 aVejarano Rivadeneira, Silvia1 aRodríguez, Claudia Luz1 aOspina Herrera, Oscar